| 000 | 00000nam##2200000za#4500 |
| 001 | 9.695055 |
| 003 | CaOODSP |
| 005 | 20210624234411 |
| 007 | cr ||||||||||| |
| 008 | 150407|2007||||xxc|||||o f|0| 0 eng|d |
| 040 | |aCaOODSP|beng |
| 043 | |an-cn--- |
| 086 | 1 |aH68-53/2002E-PDF |
| 110 | 1 |aCanada.|bNational Council of Welfare. |
| 245 | 14|aThe cost of poverty |h[electronic resource] |
| 250 | |aReprinted. |
| 260 | |aOttawa - Ontario : |bNational Council of Welfare |cWinter 2007. |
| 300 | |a30p.|breferences |
| 500 | |a"The Cost of Poverty is not about the people who live in poverty at any given time. Instead it reflects a challenge to our assumptions about poverty itself- and about whom it hurts-so that we can find more innovative, lasting ways to prevent it."--Introduction. |
| 500 | |a"Volume #115, Winter 2001-2002". |
| 590 | |a12-30-Supp|b2012-06-28 |
| 690 | 07|aPoverty|2gcpds |
| 690 | 07|aCosts|2gcpds |
| 690 | 07|aEconomic issues|2gcpds |
| 690 | 07|aIncome security|2gcpds |
| 690 | 07|aLow income|2gcpds |
| 690 | 07|aWelfare|2gcpds |
| 775 | 08|tLe coût de la pauvreté |w(CaOODSP)9.639213 |
| 776 | 0#|tThe cost of poverty |w(CaOODSP)9.648439 |
| 856 | 40|ahttp://publications.gc.ca|qPDF|s4437 KB|uhttps://publications.gc.ca/collections/collection_2011/cnb-ncw/H68-53-2002-eng.pdf |